5HLuxD.jpg

KING HENRY VIII SENIOR AND PRIMARY SCHOOL LIBRARY OPAC

Oliver Twist / (Record no. 5709)

000 -LEADER
fixed length control field 01024nam a22002537a 4500
003 - CONTROL NUMBER IDENTIFIER
control field OSt
005 - DATE AND TIME OF LATEST TRANSACTION
control field 20251016083605.0
008 - FIXED-LENGTH DATA ELEMENTS--GENERAL INFORMATION
fixed length control field 251016b ||||| |||| 00| 0 eng d
020 ## - INTERNATIONAL STANDARD BOOK NUMBER
International Standard Book Number 9781474927802
Qualifying information book set
040 ## - CATALOGING SOURCE
Transcribing agency KH8
082 ## - DEWEY DECIMAL CLASSIFICATION NUMBER
Classification number FIC DIC
100 ## - MAIN ENTRY--PERSONAL NAME
Personal name Dickens, Charles,
Relator term author.
245 ## - TITLE STATEMENT
Title Oliver Twist /
Statement of responsibility, etc. Charles Dickens : retold by Mary Sebag- Montefiore and illustrated by Barry Ablett.
260 ## - PUBLICATION, DISTRIBUTION, ETC.
Place of publication, distribution, etc. England ;
Name of publisher, distributor, etc. Usborne Publishing Ltd ,
Date of publication, distribution, etc. 2006.
300 ## - PHYSICAL DESCRIPTION
Extent 64 pages :
Other physical details color illustrations ;
Dimensions 20 cm.
490 ## - SERIES STATEMENT
Series statement Usborne Young Reading
Volume/sequential designation series three
520 ## - SUMMARY, ETC.
Summary, etc. Orphaned Oliver lives in a cold, grim workhouse, until the day he dares to ask for more. Escaping to London, Oliver finds new friends and thinks he has a home at last. But his troubles are only just beginning...
650 ## - SUBJECT ADDED ENTRY--TOPICAL TERM
Topical term or geographic name entry element Easy reading
Form subdivision fiction
650 ## - SUBJECT ADDED ENTRY--TOPICAL TERM
Topical term or geographic name entry element Story book
Form subdivision fiction
700 ## - ADDED ENTRY--PERSONAL NAME
Personal name Sebag - Montefiore, Mary,
Relator term author.
700 ## - ADDED ENTRY--PERSONAL NAME
Personal name Ablett, Barry,
Relator term illustrator.
830 ## - SERIES ADDED ENTRY--UNIFORM TITLE
Uniform title Usborne Young Reading
942 ## - ADDED ENTRY ELEMENTS (KOHA)
Source of classification or shelving scheme
Koha item type Books - Fiction
Holdings
Withdrawn status Lost status Source of classification or shelving scheme Damaged status Not for loan Collection code Permanent Location Current Location Shelving location Date acquired Full call number Barcode Date last seen Price effective from Koha item type
          Fiction KH8 Senior School Library KH8 Senior School Library Staff Office 2025-10-16 FIC DIC BRKHSL000123 2025-10-16 2025-10-16 Books - Fiction

Powered By KH8 IT Dept